THE ECONOMICSD OF THE FIRM / (Record no. 25602)
[ view plain ]
| 000 -الفاتح | |
|---|---|
| حقل البيانات ثابتة الطول | 00424nam a2200157Ia 4500 |
| 008 - عناصر البيانات ثابتة الطول - معلومات عامة | |
| حقل البيانات ثابتة الطول | 140319s9999 xx 000 0 eng d |
| 040 ## - مصدر الفهرسة | |
| وكالة الفهرسة الأصلية | GCL / |
| وكالة النسخ | GCL |
| 082 04 - رقم تصنيف ديوى العشرى | |
| رقم التصنيف | 338.6 |
| رقم المادة | CE |
| 100 1# - المدخل الرئيسى - إسم شخصى | |
| الإسم الشخصى | MCGUINNESS TONY |
| 245 10 - بيان العنوان | |
| العنوان | THE ECONOMICSD OF THE FIRM / |
| بيان المسئوليه,etc | MCGUINNESS TONY |
| 700 1# - المدخل الاضافى - اسم شخصى | |
| الإسم الشخصى | POMFRET, RICHARD |
| 700 1# - المدخل الاضافى - اسم شخصى | |
| الإسم الشخصى | MANAGERIAL ECONAMIS |
| 260 ## - PUBLICATION, DISTRIBUTION, ETC. (IMPRINT) | |
| تاريخ النشر أو التوزيع | 1993 |
| 300 ## - الوصف المادى | |
| التعداد | 190 PP. |
| 260 ## - PUBLICATION, DISTRIBUTION, ETC. (IMPRINT) | |
| -- | [S.N] : |
| -- | Basil Block Well Ltd ، |
| حالة التراجع | حالة الفقد | حالة تلف | ليس للاعارة | المكان المؤقت | الموقع الحالى | تاريخ الاكتساب | اجمالي اﻻعارات | رقم الطلب | الباركود | تاريخ اخر مشاهدة | تاريخ تفعيل السعر | نوع وعاء كوها |
|---|---|---|---|---|---|---|---|---|---|---|---|---|
| مكتبة القاهرة الكبرى | مكتبة القاهرة الكبرى | 03/26/2014 | 338.6\CE | 45059 | 03/26/2014 | 03/26/2014 | كتاب |

